Mikroprocessory somejstva 8086/8088 Architektura, programmirovanije i projektirovanije mikrokomp'juternych sistem

Saved in:
Bibliographic Details
Main Author: Iy Cheng, Liu
Other Authors: Gibson, Glenn A.
Format: Book
Language:Russian
Published: Moskva Radijo i svjaz' 1987
Edition:1. izd.
Tags: Add Tag
No Tags, Be the first to tag this record!

MARC

LEADER 00000nam a2200000 4500
001 c025366
005 20240912072005.7
041 0 |a rus 
044 |a RU 
245 1 0 |a Mikroprocessory somejstva 8086/8088  |b Architektura, programmirovanije i projektirovanije mikrokomp'juternych sistem  |c Liu Iy Cheng, Glenn A. Gibson ; [Z angl. prel.] V.L. Grigor'jev 
250 |a 1. izd. 
264 1 |a Moskva  |b Radijo i svjaz'  |c 1987 
300 |a 510 s. 
100 1 |a Iy Cheng, Liu 
700 1 |a Gibson, Glenn A.